Представление документа в формате RUSMARC

ПолеНазваниеЗначение
  Тип записи a
  Библиографический уровень a
001 Контрольный номер RU/CBS_Ul/BASE/508431871
005 Дата корректировки 20250122233009.9
100 Данные общей обработки __
a Данные общей обработки 20160210d2016 ||| 0rusy0189 ca
101 Язык документа 0_
a Язык текста rus
102 Страна публикации __
a Страна публикации RU
105 Кодированные данные (монография) __
a Кодированные данные (монография) y###||||000|y
200 Заглавие и сведения об ответственности 1_
a Заглавие Библиотеки поменяли режим работы
b Общее обозначение материала Текст
e Сведения, относящиеся к заглавию [с 1 февраля 2016 года городские библиотеки перешли на новый режим работы]
300 Общие примечания __
a Общие примечания Прил.: с. 1. - (Аргументы и факты в Ульяновске)
300 Общие примечания __
a Общие примечания Ограничения по возрасту - 16+
461 Уровень набора _0
1 2000
a Аргументы и факты
463 Уровень физической единицы _0
1 2000
a № 6 (10-16 фев.)
1 2101
d 2016
1 001RU/CBS_Ul/BASE/509465534
600 Персоналии _0
a Персоналии (Фамилия) Слепова
b Персоналии (Имя, инициалы) О. М.
606 Тематические рубрики 0_
a Основная рубрика Библиотеки МБУК "ЦБС" (Ульяновск, город)
610 Ключевые слова 0_
a Ключевые слова библиотеки
610 Ключевые слова 0_
a Ключевые слова городские библиотеки
610 Ключевые слова 0_
a Ключевые слова библиотечные системы
610 Ключевые слова 0_
a Ключевые слова режимы работы
610 Ключевые слова 0_
a Ключевые слова графики работы
686 Индексы других классификаций __
a Классификационный индекс 78.34(2)
2 Код системы ББК
801 Источник записи _0
a Страна RU
b Организация МБУК ЦБС г. Ульяновска
c Дата составления 20160210
g Правила каталогизации RCR
801 Источник записи _1
a Страна RU
b Организация МБУК ЦБС г. Ульяновска
c Дата составления 20160210
g Правила каталогизации RCR
901 Тип документа __
t Тип документа f
w Контрольный № источника RU/CBS_Ul/BASE/509465534
910 Корректоры записи __
a Корректор записи Сидоркина
938 Служебная информация __
a Имя БД kraeved